000 01295nam a2200229Ia 4500
001 A208-34784
003 IT-CnALBA
008 170116s9999||||xx |||||||||||||| ||und||
040 _aIT-CnALBA
_cIT-CnALBA
041 _aLATINO
100 _aBONAVENTURA DA BAGNOREGIO, SANTO
245 0 _aSANCTI PATRIS I. E. BONAVENTURAE EPISCOPI... OPUSCULORUM THEOLOGICORUM TOMUS PRIMUS ET SECUNDUS.
250 _a1a ed.
260 _a VENEZIA
_bHAEREDEM (APUD) SCOTTI HJER.
_c1584 [1° Ed.:1584 - Ed.Ling.Originale: 1584]
300 _a1140 p.
500 _aRIFORMA DEI FRATI. SULL'ELEMOSINA DEI FRATI. OPUSCOLI TEOLOGICI. COMMENTI ALLE SACRE SCRITTURE. LIBRI DI SENTENZE. ARTI E TEOLOGIA. LE CINQUE VISIONI. TRATTATI TEOLOGICI. TRE TERNE DI PECCATI. BREVILOQUI TEOLOGICI. APOLOGIA DELLA POVERTÀ. ESERCIZI SPIRITU
501 _aSocietà San Paolo EM - Piazza San Paolo, 14 - 12051 ALBA (CN) (non commercial uses only) ® Copyright 2017
520 _aRIFORMA DEI FRATI. SULL'ELEMOSINA DEI FRATI. OPUSCOLI TEOLOGICI. COMMENTI ALLE SACRE SCRITTURE. LIBRI DI SENTENZE. ARTI E TEOLOGIA. LE CINQUE VISIONI. TRATTATI TEOLOGICI. TRE TERNE DI PECCATI. BREVILOQUI TEOLOGICI. APOLOGIA DELLA POVERTÀ. ESERCIZI SPIRITU
650 _aPADRI E SCRITTORI ECCLESIASTICI
942 _cBK
957 _71
999 _a39553
_bSI
_g Copie: 1
_c293616
_d293616